| 000 | 00728nam a2200217 i 4500 | ||
|---|---|---|---|
| 001 | 101390 | ||
| 003 | ES-MaACL | ||
| 005 | 20250829062547.0 | ||
| 007 | t| | ||
| 008 | 051018s1960 sp ||||1| spa d | ||
| 100 | 1 |
_aMaurois, André, _d1885-1967 _979267 |
|
| 245 | 1 | 4 |
_aLos silencios del coronel Bramble _b: en busca de Bramble / _cpor André Maurois, [seud.] de Emile Herzog; [versión castellana de Juan Palangon y M. Bosch Barrett]. |
| 260 |
_aBarcelona : _bG.P., _c1960. |
||
| 300 |
_a155 p. ; _c18 cm. |
||
| 490 | 1 | _aLibros Plaza | |
| 700 | 1 |
_aPalangon, Juan. _988465 |
|
| 700 | 1 |
_aBosch Barrett, Manuel. _930649 |
|
| 830 | 0 |
_aLibros Plaza _9181449 |
|
| 852 |
_aES-MaACL _jC-19509 _bR.45748 |
||
| 999 |
_c101390 _d101390 |
||